000 00298nam a22001337a 4500
008 170821b xxu||||| |||| 00| 0 eng d
020 _a9781602501492
041 _aeng
080 _23 ED
_a51
100 _a37
101 _aMAT
245 _aINTERMEDIATE ALGEBRA
_cVANSIL.CH
942 _2udc
_cBK
999 _c24296
_d24296